Statistiques concernant Les arrêts du C6

Cliquez ici pour prendre le quiz!

Statistiques générales

  • Ce quiz a été pris 16 fois
  • Le résultat moyen est 15 sur 24

Statistiques - réponses

Réponse% Correct
Campus Lyon Ouest
100%
Ecully Grandes Ecoles
92%
Gare de Vaise
92%
Pontet Crases
92%
Echangeur Sauvegarde
75%
Valmy
75%
Brotteaux
67%
Centre Commercial Ecully
67%
Place de Paris
67%
Tissot
67%
Duchère Martinière
58%
Gare Part-Dieu Vivier Merle
58%
La Piemente
58%
Mouillard
58%
Pont de Lattre RD
58%
Centre Social Sauvegarde
50%
Duchère Piscine
50%
Echangeur du Pérolier
50%
Part-Dieu Jules Favre
50%
Félix Jacquier
42%
Duquesne - Foch
33%
Parc Tête d'Or - Duquesne
33%
Serin Saint-Charles
33%
Vitton - Belges
33%

Distribution des résultats

Percentile par nombre de réponses

% des personnes avec chaque résultat

Votre développement - résultats

Vous n’avez pas pris ce quiz